<?xml version="1.0" encoding="UTF-8"?>
<collection xmlns="http://www.loc.gov/MARC21/slim">
 <record>
  <leader>03374cam a2200625   4500</leader>
  <controlfield tag="001">1410034976</controlfield>
  <controlfield tag="003">DE-627</controlfield>
  <controlfield tag="005">20241031202719.0</controlfield>
  <controlfield tag="007">tu</controlfield>
  <controlfield tag="008">110407s2011    gw |||||      00| ||grc c</controlfield>
  <datafield tag="015" ind1=" " ind2=" ">
   <subfield code="a">10,N40</subfield>
   <subfield code="2">dnb</subfield>
  </datafield>
  <datafield tag="016" ind1="7" ind2=" ">
   <subfield code="a">1007278390</subfield>
   <subfield code="2">DE-101</subfield>
  </datafield>
  <datafield tag="020" ind1=" " ind2=" ">
   <subfield code="a">9783110221268</subfield>
   <subfield code="c">Leinen. : EUR 69.95 (DE)</subfield>
   <subfield code="9">978-3-11-022126-8</subfield>
  </datafield>
  <datafield tag="024" ind1="3" ind2=" ">
   <subfield code="a">9783110221268</subfield>
  </datafield>
  <datafield tag="035" ind1=" " ind2=" ">
   <subfield code="a">(DE-627)1410034976</subfield>
  </datafield>
  <datafield tag="035" ind1=" " ind2=" ">
   <subfield code="a">(DE-576)340034971</subfield>
  </datafield>
  <datafield tag="035" ind1=" " ind2=" ">
   <subfield code="a">(DE-599)DNB1007278390</subfield>
  </datafield>
  <datafield tag="035" ind1=" " ind2=" ">
   <subfield code="a">(OCoLC)723375203</subfield>
  </datafield>
  <datafield tag="035" ind1=" " ind2=" ">
   <subfield code="a">(OCoLC)743201759</subfield>
  </datafield>
  <datafield tag="040" ind1=" " ind2=" ">
   <subfield code="a">DE-627</subfield>
   <subfield code="b">ger</subfield>
   <subfield code="c">DE-627</subfield>
   <subfield code="e">rakwb</subfield>
  </datafield>
  <datafield tag="041" ind1=" " ind2=" ">
   <subfield code="a">grc</subfield>
  </datafield>
  <datafield tag="044" ind1=" " ind2=" ">
   <subfield code="c">XA-DE-BE</subfield>
  </datafield>
  <datafield tag="072" ind1=" " ind2="7">
   <subfield code="a">PHI002000</subfield>
   <subfield code="a">HIS002000</subfield>
   <subfield code="2">bisacsh</subfield>
  </datafield>
  <datafield tag="072" ind1=" " ind2="7">
   <subfield code="a">9553</subfield>
   <subfield code="2">wsb</subfield>
  </datafield>
  <datafield tag="072" ind1=" " ind2="7">
   <subfield code="a">HIS002000</subfield>
   <subfield code="2">bisacsh</subfield>
  </datafield>
  <datafield tag="072" ind1=" " ind2="7">
   <subfield code="a">LIT004190</subfield>
   <subfield code="2">bisacsh</subfield>
  </datafield>
  <datafield tag="072" ind1=" " ind2="7">
   <subfield code="a">PHI002000</subfield>
   <subfield code="2">bisacsh</subfield>
  </datafield>
  <datafield tag="082" ind1="0" ind2=" ">
   <subfield code="a">881/.02</subfield>
  </datafield>
  <datafield tag="082" ind1="0" ind2="4">
   <subfield code="a">100</subfield>
  </datafield>
  <datafield tag="084" ind1=" " ind2=" ">
   <subfield code="a">FK 46301</subfield>
   <subfield code="2">rvk</subfield>
   <subfield code="0">(DE-625)rvk/33372:11629</subfield>
  </datafield>
  <datafield tag="084" ind1=" " ind2=" ">
   <subfield code="a">FK 46300</subfield>
   <subfield code="2">rvk</subfield>
   <subfield code="0">(DE-625)rvk/33372:11628</subfield>
  </datafield>
  <datafield tag="100" ind1="0" ind2=" ">
   <subfield code="a">Paulus</subfield>
   <subfield code="c">Silentiarius</subfield>
   <subfield code="0">(DE-588)100957331</subfield>
   <subfield code="0">(DE-627)076685926</subfield>
   <subfield code="0">(DE-576)162499213</subfield>
   <subfield code="4">aut</subfield>
  </datafield>
  <datafield tag="245" ind1="1" ind2="0">
   <subfield code="a">Descriptio Sanctae Sophiae</subfield>
  </datafield>
  <datafield tag="249" ind1=" " ind2=" ">
   <subfield code="a">Descriptio Ambonis</subfield>
   <subfield code="b">Paulus Silentiarius. Ed. Claudio de Stefani</subfield>
  </datafield>
  <datafield tag="263" ind1=" " ind2=" ">
   <subfield code="a">Erscheint: 30. November 2010</subfield>
  </datafield>
  <datafield tag="264" ind1=" " ind2="1">
   <subfield code="a">Berlin [u.a.]</subfield>
   <subfield code="b">De Gruyter</subfield>
   <subfield code="c">2011</subfield>
  </datafield>
  <datafield tag="300" ind1=" " ind2=" ">
   <subfield code="a">XLVIII, 163 S.</subfield>
  </datafield>
  <datafield tag="336" ind1=" " ind2=" ">
   <subfield code="a">Text</subfield>
   <subfield code="b">txt</subfield>
   <subfield code="2">rdacontent</subfield>
  </datafield>
  <datafield tag="337" ind1=" " ind2=" ">
   <subfield code="a">ohne Hilfsmittel zu benutzen</subfield>
   <subfield code="b">n</subfield>
   <subfield code="2">rdamedia</subfield>
  </datafield>
  <datafield tag="338" ind1=" " ind2=" ">
   <subfield code="a">Band</subfield>
   <subfield code="b">nc</subfield>
   <subfield code="2">rdacarrier</subfield>
  </datafield>
  <datafield tag="490" ind1="1" ind2=" ">
   <subfield code="a">Bibliotheca scriptorum Graecorum et Romanorum Teubneriana</subfield>
   <subfield code="v">2009</subfield>
  </datafield>
  <datafield tag="700" ind1="1" ind2=" ">
   <subfield code="a">De Stefani, Claudio</subfield>
   <subfield code="e">Hrsg.</subfield>
   <subfield code="0">(DE-588)1158710194</subfield>
   <subfield code="0">(DE-627)1020792043</subfield>
   <subfield code="0">(DE-576)504350773</subfield>
   <subfield code="4">edt</subfield>
  </datafield>
  <datafield tag="776" ind1="1" ind2=" ">
   <subfield code="z">9783110239072</subfield>
  </datafield>
  <datafield tag="776" ind1="0" ind2="8">
   <subfield code="i">Erscheint auch als</subfield>
   <subfield code="n">Online-Ausgabe</subfield>
   <subfield code="a">Paulus, Silentiarius</subfield>
   <subfield code="t">Descriptio Sanctae Sophiae. Descriptio Ambonis</subfield>
   <subfield code="d">Berlin : De Gruyter, 2011</subfield>
   <subfield code="h">Online-Ressource</subfield>
   <subfield code="w">(DE-627)672762498</subfield>
   <subfield code="w">(DE-576)405032110</subfield>
   <subfield code="z">9783110239072</subfield>
  </datafield>
  <datafield tag="787" ind1="0" ind2="8">
   <subfield code="i">Rezensiert in</subfield>
   <subfield code="a">Brendel, Raphael</subfield>
   <subfield code="t">[Rezension von: Claudio De Stefani (ed.) / Paulus Silentiarus, Descriptio Sanctae Sophiae. Descriptio Ambonis]</subfield>
   <subfield code="d">2014</subfield>
   <subfield code="w">(DE-627)179715821X</subfield>
  </datafield>
  <datafield tag="830" ind1=" " ind2="0">
   <subfield code="a">Bibliotheca scriptorum Graecorum et Romanorum Teubneriana</subfield>
   <subfield code="v">2009</subfield>
   <subfield code="9">2009</subfield>
   <subfield code="w">(DE-627)601129466</subfield>
   <subfield code="w">(DE-576)308216407</subfield>
   <subfield code="w">(DE-600)2498325-1</subfield>
   <subfield code="x">1864-399X</subfield>
   <subfield code="7">ns</subfield>
  </datafield>
  <datafield tag="856" ind1="4" ind2="2">
   <subfield code="u">http://deposit.dnb.de/cgi-bin/dokserv?id=3543088&amp;prov=M&amp;dok_var=1&amp;dok_ext=htm</subfield>
   <subfield code="m">X:MVB</subfield>
   <subfield code="q">text/html</subfield>
   <subfield code="3">Inhaltstext</subfield>
  </datafield>
  <datafield tag="856" ind1="4" ind2="2">
   <subfield code="u">http://d-nb.info/1007278390/04</subfield>
   <subfield code="m">B:DE-101</subfield>
   <subfield code="q">application/pdf</subfield>
   <subfield code="3">Inhaltsverzeichnis</subfield>
  </datafield>
  <datafield tag="856" ind1="4" ind2="2">
   <subfield code="u">http://www.sehepunkte.de/2014/09/20161.html</subfield>
   <subfield code="m">V:DE-576;X:Sehepunkte</subfield>
   <subfield code="q">text/html</subfield>
   <subfield code="v">20180417093854</subfield>
   <subfield code="3">Rezension</subfield>
  </datafield>
  <datafield tag="935" ind1=" " ind2=" ">
   <subfield code="i">SLoT</subfield>
  </datafield>
  <datafield tag="936" ind1="r" ind2="v">
   <subfield code="a">FK 46301</subfield>
   <subfield code="b">Teilausgaben, Einzelausgaben, Fragmente</subfield>
   <subfield code="k">Klassische Philologie. Byzantinistik. Mittellateinische und Neugriechische Philologie. Neulatein</subfield>
   <subfield code="k">Byzantinische Literatur</subfield>
   <subfield code="k">Autoren und anonyme Schriften</subfield>
   <subfield code="k">Autoren und anonyme Schriften P</subfield>
   <subfield code="k">Paulus &lt;Silentiarius&gt; (um 562)</subfield>
   <subfield code="k">Teilausgaben, Einzelausgaben, Fragmente</subfield>
   <subfield code="0">(DE-627)1272281264</subfield>
   <subfield code="0">(DE-625)rvk/33372:11629</subfield>
   <subfield code="0">(DE-576)202281264</subfield>
  </datafield>
  <datafield tag="936" ind1="r" ind2="v">
   <subfield code="a">FK 46300</subfield>
   <subfield code="b">Gesamtausgaben</subfield>
   <subfield code="k">Klassische Philologie. Byzantinistik. Mittellateinische und Neugriechische Philologie. Neulatein</subfield>
   <subfield code="k">Byzantinische Literatur</subfield>
   <subfield code="k">Autoren und anonyme Schriften</subfield>
   <subfield code="k">Autoren und anonyme Schriften P</subfield>
   <subfield code="k">Paulus &lt;Silentiarius&gt; (um 562)</subfield>
   <subfield code="k">Gesamtausgaben</subfield>
   <subfield code="0">(DE-627)1270804855</subfield>
   <subfield code="0">(DE-625)rvk/33372:11628</subfield>
   <subfield code="0">(DE-576)200804855</subfield>
  </datafield>
  <datafield tag="951" ind1=" " ind2=" ">
   <subfield code="a">BO</subfield>
  </datafield>
  <datafield tag="991" ind1=" " ind2=" ">
   <subfield code="a">Rezensiertes Werk</subfield>
  </datafield>
  <datafield tag="999" ind1=" " ind2=" ">
   <subfield code="a">KXP-PPN1410034976</subfield>
   <subfield code="e">4183711630</subfield>
  </datafield>
 </record>
</collection>
